| 000 | 00479nam a2200193Ia 4500 | ||
|---|---|---|---|
| 008 | 220531s9999 xx 000 0 und d | ||
| 020 | _a978-93-80902-35-7 | ||
| 041 | _aeng | ||
| 082 | _bTED / KUN | ||
| 100 |
_aKundu Ashok Kumar _981782 |
||
| 245 | _aTed Hughes : Creating new Horizons | ||
| 250 | _a1ST | ||
| 260 |
_aJaipur _bAadi _c2013 |
||
| 300 | _a192 | ||
| 542 | _d27-03-2019 | ||
| 650 |
_aEnglish _981783 |
||
| 906 |
_d2018-2019 _f16669 |
||
| 999 |
_c45135 _d45135 |
||